Zmena v obsadení hry Willhelm Tell

Bibliographic Details
Main Author: Stengel, Hansgeorg, 1922-2003 (Author)
Other Authors: Záborský, Juro (Translator)
Format: Article
Language:Slovak
Subjects:

MARC

LEADER 00000nab a2200000 a 4500
001 vtls000213785
003 SK-MaSNL
005 20260304070318.0
008 250423c1985 xo 0 slo
015 |a SNBRB19rr/mm-uuuuu 
035 |a CL0223899 
035 |a urn:nbn:sk:snk-ab1cr6 
035 |a (urnnbn)urn:nbn:sk:snk:ar-0021wm 
035 |a (uuid)7f576861-8716-4f0b-ba2a-d38252cd3676 
040 |a SNKBUCL  |b slo  |c SNKBUCL  |e AACR2 
041 0 |a slo 
044 |a xo  |c SK 
080 |a 830-1  |2 1981 
100 1 |a Stengel, Hansgeorg,  |d 1922-2003  |4 aut  |9 165718 
245 1 0 |a Zmena v obsadení hry Willhelm Tell  |c Hansgeorg Stengel ; Juro Záborský 
650 0 7 |a epigramy  |2 snkbucl  |9 75613 
655 7 |a články z novín a časopisov  |2 snkbucl  |9 267496 
655 7 |a články z odboru literárna veda a krásna literatúra  |2 snkbucl  |9 770045 
700 1 |a Záborský, Juro  |4 trl  |9 921327 
773 0 |t Film a divadlo  |g Roč. 29, č. 5 (1985), s. /32/ 
850 |a Slovenská národná knižnica 
852 |a Slovenská národná knižnica 
954 |a odborná, vedecká literatúra pôvodná (slovenská)  |2 lita 
958 |a article27 
958 |a OND 
958 |a RK 
958 |a LX 
958 |a DE 
958 |a EUIPO 
992 |a RBX 
999 |c 2755211  |d 2757141